|
|
|
|
| LEADER |
00000cam a2200000 7i4500 |
| 001 |
0000002177 |
| 005 |
20030319.0 |
| 090 |
0 |
0 |
|a 333.73
|b FER 1991
|
| 100 |
1 |
0 |
|a FERRIE
|h Adam E. J.
|
| 245 |
1 |
0 |
|a Land use planning model :
|b technical report
|c prepared by Adam E.J Ferrie., Lim Kee Leng., Rosmawati Ismail
|
| 260 |
0 |
0 |
|a Kuala Lumpur :
|b ASEAN Institute of Forest Management ,
|c 1991
|
| 300 |
|
|
|a ii, 59 p. ;
|c 29 cm.
|
| 650 |
0 |
0 |
|a Land reform
|
| 650 |
0 |
0 |
|a Land use
|x Planning
|
| 700 |
0 |
1 |
|a Lim
|h Kee Leng
|
| 700 |
0 |
1 |
|a Rosmawati Ismail
|
| 710 |
1 |
1 |
|a ASEAN Institute of Forest Management (AIFM)
|
| 998 |
|
|
|a JPSM
|
| 999 |
|
|
|a 0000003676
|b Monograph
|c Open Shelf
|e Default branch
|
| 999 |
|
|
|a 0000003677
|b Monograph
|c Open Shelf
|e Default branch
|
| 999 |
|
|
|a 0000003678
|b Monograph
|c Open Shelf
|e Default branch
|
| 999 |
|
|
|a 0000003679
|b Monograph
|c Open Shelf
|e Default branch
|